000
00281nam a2200133Ia 4500
100
_a
Poteet/G.H
942
_c
BK
654
_a
Carpentry
245
_a
Guide To Basic Carpentry
260
_b
Parker Pub. Co.
_a
New York
_c
1980
082
_a
694
300
_a
230
546
_a
ENGLISH
999
_c
22091
_d
22091